000 01149cam a22002651i 4500
003 SA-RiAUC
005 20251019123227.0
008 251009s2000 su f b f000 0 ara c
040 _aEG-CaDAJ
_bara
_cSA-RiAUC
_erda
043 _aa-ii---
_aa-pk---
082 0 4 _a011.21
_qSA-RiAUC
090 _a011.21
_bخ ا ن
100 1 _aخان، أحمد
_eمؤلف.
245 1 0 _aمعجم المطبوعات العربية في شبه القارة الهندية والباكستانية منذ دخول المطبعة إليها حتى عام 1980 م. /
_cإعداد أحمد خان.
250 _aالطبعة الأولى.
264 1 _aالرياض :
_bمكتبة الملك فهد الوطنية،
_c2000
300 _a615 صفحة ؛
_c30 سم
336 _aنص
_btxt
_2rdacontent
_3كتاب
337 _aبدون وسيط
_bn
_2rdamedia
338 _aمجلد
_bnc
_2rdacarrier
650 7 _aالمطبوعات العربية
_zالهند
_vببليوجرافيات
_2aucsh
650 7 _aالمطبوعات العربية
_zباكستان
_vببليوجرافيات
_2aucsh
942 _2ddc
_cBOOK
_n0
949 _aSA-JeALM
_d251009
_umohamedma123
_n1
999 _c12581
_d12581